000 00593nam a2200205Ia 4500
005 20250326142620.0
008 250326s9999 xx 000 0 und d
020 _a0-205-12924-2
037 _aTextbook
040 _aFMSL
_beng
_cFMSL
041 _aeng
_2eng
084 _aX:51y7 M8;1
_qFMSL
100 _aEnis BM
_9746314
245 0 _aMarketing classics : Selection of influential articles
_cEnis Bm; Cox Kk
250 _a7
260 _aUnited Kingdom
_bUnited Kingdom, Allyn & Bacon
_c1991
300 _a590p
942 _cTB
_hX:51y7 M8;1
999 _c1295843
_d1295843